01830nam a2200385 a 4500001001200000003000800012006001900020007001500039008004100054010001700095020003700112020003400149020002700183040002100210035002100231050002400252100001900276245022000295246005200515260005100567300002500618500002000643505024200663533015200905630001601057630003601073630004701109650004401156650002901200650002601229655002901255710001701284856012601301999001701427ebr10419005CaPaEBRm u cr cn|||||||||100713s2010 inua s 001 0 eng d z 2010932417 z9780470889633 (pbk : alk. paper) z0470889632 (pbk : alk. paper) z9780470944370 (e-book) aCaPaEBRcCaPaEBR a(OCoLC)67164856814aHD38.7b.K55 2010eb1 aKnight, Brian.10aKnight's Microsoft Business Intelligence 24-hour trainerh[electronic resource] :bleveraging Microsoft SQL Server integration, analysis and reporting services with Excel and SharePoint /cBrian Knight ... [et al.].30aMicrosoft business intelligence 24-hour trainer aIndianapolis, Ind. :bWiley Pub., Inc.,c2010. axxix, 394 p. :bill. aIncludes index.0 asection 1. Data warehousing and business intelligence -- section 2. SQL Server integration services -- section 3. SQL Server analysis services -- section 4. SQL Server reporting services -- section 5. Containers -- section 6. SharePoint. aElectronic reproduction.bPalo Alto, Calif. :cebrary,d2010.nAvailable via World Wide Web.nAccess may be limited to ebrary affiliated libraries.00aSQL server.00aMicrosoft Excel (Computer file)00aMicrosoft SharePoint (Electronic resource) 0aBusiness intelligencexData processing. 0aClient/server computing. 0aRelational databases. 7aElectronic books.2local2 aebrary, Inc.40uhttp://site.ebrary.com/lib/rucke/Doc?id=10419005zAn electronic book accessible through the World Wide Web; click to view c82278d82278